Změny ve struktuře a oblíbenosti „spořících“ produktů životního pojištění v České republice

Prehľad o situácii v oblasti životného poistenia v ČR so zameraním na produkty so sporiacou zložkou teda poistenie pre prípad dožitia a pre prípad smrti alebo dožitia, dôchodkového poistenia a životného poistenia spojeného s investičným fondom. Zmeny v podiele jednotlivých produktov vzhľadom k celk...

Descripción completa

Guardado en:
Detalles Bibliográficos
Autor principal: Šafarčíková, Ivana
Formato: Capítulo de libro
Lenguaje:checo
Materias:
Etiquetas: Agregar Etiqueta
Sin Etiquetas, Sea el primero en etiquetar este registro!

MARC

LEADER 00000nla$a2200000$$$4500
001 0077888
005 20221128083923.2
041 0 |a cze 
044 |a SK 
245 1 0 |a Změny ve struktuře a oblíbenosti „spořících“ produktů životního pojištění v České republice  |c Ivana Šafarčíková 
520 |a Prehľad o situácii v oblasti životného poistenia v ČR so zameraním na produkty so sporiacou zložkou teda poistenie pre prípad dožitia a pre prípad smrti alebo dožitia, dôchodkového poistenia a životného poistenia spojeného s investičným fondom. Zmeny v podiele jednotlivých produktov vzhľadom k celkovému ŽP i vzájomne medzi sebou. Presun záujmu klientov od konzervatívnych poistných produktov k investičným. 
610 2 0 |a poistenie dôchodkové 
610 2 0 |a poistenie životné 
610 2 0 |a Česko 
610 2 0 |a poistné 
100 1 |a Šafarčíková, Ivana